Sí a la vida, al agua y al territorio: relaciones hidrosociales alternativas en Colombia /
Uloženo v:
| Hlavní autor: | |
|---|---|
| Další autoři: | |
| Médium: | Kniha |
| Jazyk: | Spanish |
| On-line přístup: | texto completo desde el sitio de la revista |
| Tagy: |
Přidat tag
Žádné tagy, Buďte první, kdo vytvoří štítek k tomuto záznamu!
|
MARC
| LEADER | 00000nam a22000007a 4500 | ||
|---|---|---|---|
| 003 | cru CIDCACS/IIS | ||
| 005 | 20200110142412.0 | ||
| 007 | ta | ||
| 008 | 200110s2019 ne ||||| |||| 00| 0 spa|| | ||
| 999 | |c 42814 |d 42814 | ||
| 040 | |c cru CIDCACS/IIS | ||
| 100 | 1 | |9 8927 |a Roca-Servat, Denisse | |
| 245 | 1 | |a Sí a la vida, al agua y al territorio: |b relaciones hidrosociales alternativas en Colombia / |c Denisse Roca-Servat, Lidy Palacio Ocando | |
| 300 | |a páginas 117-138 | ||
| 700 | 1 | |9 8928 |a Palacio Ocando, Lidy | |
| 773 | 0 | |0 19150 |9 3746 |a Centro de Estudios Latinoamericanos y Documentación |d Amsterdam, Países Bajos Centro de Estudios Latinoamericanos y Documentación |o 18585 |t Revista Europea de Estudios Latinoamericanos y El Caribe = |x 09240608 | |
| 856 | |u https://www.erlacs.org/articles/abstract/10.32992/erlacs.10389/ |y texto completo desde el sitio de la revista | ||
| 942 | |2 ddc |c PP | ||
